000 00453nam a2200157Ia 4500
008 210716s1984 xx 000 0 und d
020 _a0029330904
041 _aeng
082 _a374.22 TUCA
100 _aTucker, Allan.
245 _aChairing the academic department: leadership among peers.
_bLeadership among peers.
250 _a2
260 _aLondon
_bCollier Macmillan Publishers
_c1984
300 _axviii,398
650 _aGeneral Management
999 _c198531
_d198531